[Event "Punta del Este Alekhiine op 1st"]
[Site "Punta del Este"]
[Date "2024.03.09"]
[Round "2"]
[White "Belistri, Ubaldo"]
[Black "Kulik, Nicolas"]
[Result "0-1"]
[WhiteElo "1873"]
[BlackElo "2017"]
[PlyCount "52"]
[EventDate "2024.03.08"]
[EventType "swiss"]
[EventRounds "5"]
[EventCountry "URU"]
[SourceTitle "CB13_2024"]
[SourceDate "2024.03.27"]
[SourceVersion "1"]
[SourceVersionDate "2024.03.27"]
[SourceQuality "1"]

1. Nf3 Nf6 2. d4 g6 3. Nc3 Bg7 4. e4 d6 5. h3 0-0 6. Be2 Nfd7 7. Be3 c5 8. Qd2 Nc6 9. 0-0 Qb6 10. Na4 Qb4 11. Qxb4 Nxb4 12. Rfc1 b6 13. Nc3 Nc6 14. Rd1 Bb7 15. Nd5 Rac8 16. c3 Rfd8 17. Bb5 Kf8 18. Bg5 Ndb8 19. Bxc6 Nxc6 20. Rd2 h6 21. Be3 g5 22. c4 cxd4 23. Nxd4 Nxd4 24. Rad1 Ne6 25. b3 Nc5 26. f3 e6 0-1

[Event "Punta del Este Alekhiine op 1st"]
[Site "Punta del Este"]
[Date "2024.03.08"]
[Round "1"]
[White "Bossi, Hugo"]
[Black "Belistri, Ubaldo"]
[Result "0-1"]
[WhiteElo "1596"]
[BlackElo "1873"]
[PlyCount "56"]
[EventDate "2024.03.08"]
[EventType "swiss"]
[EventRounds "5"]
[EventCountry "URU"]
[SourceTitle "CB13_2024"]
[SourceDate "2024.03.27"]
[SourceVersion "1"]
[SourceVersionDate "2024.03.27"]
[SourceQuality "1"]

1. d4 Nf6 2. e3 g6 3. Bd3 d6 4. f4 Bg7 5. Nf3 c5 6. c3 0-0 7. 0-0 b6 8. Nbd2 cxd4 9. exd4 Ba6 10. Bxa6 Nxa6 11. Qe2 Nc7 12. c4 e6 13. b3 Qd7 14. Bb2 a6 15. Rad1 Rfd8 16. Nb1 Qc6 17. Nbd2 b5 18. Rc1 Qb7 19. Ng5 bxc4 20. Nxc4 h6 21. Nf3 Nfd5 22. Nfd2 Nb5 23. Qf2 Qa7 24. Na5 Nxd4 25. Nc6 Ne2+ 26. Kh1 Qxf2 27. Rxf2 Nxc1 28. Nxd8 Bxb2 0-1

[Event "URU-ch sf2"]
[Site "Colonia del Sacramento"]
[Date "2023.02.19"]
[Round "5"]
[White "Belistri, Ubaldo"]
[Black "Benitez, Andres"]
[Result "0-1"]
[WhiteElo "1797"]
[BlackElo "1974"]
[PlyCount "104"]
[EventDate "2023.02.17"]
[EventType "swiss"]
[EventRounds "7"]
[EventCountry "URU"]
[SourceTitle "CBM 213 Extra"]
[Source "ChessBase"]
[SourceDate "2023.05.31"]
[SourceVersion "1"]
[SourceVersionDate "2023.05.31"]
[SourceQuality "1"]

1. d4 d5 2. c4 e6 3. Nf3 Nf6 4. Nc3 a6 5. cxd5 exd5 6. Bg5 Be6 7. e3 h6 8. Bh4 Be7 9. Bd3 0-0 10. Rc1 c6 11. 0-0 Nbd7 12. Bb1 Re8 13. Qc2 g6 14. Qb3 Ra7 15. h3 Ne4 16. Bxe7 Qxe7 17. Qd1 Nd6 18. Re1 Raa8 19. e4 dxe4 20. Nxe4 Nxe4 21. Bxe4 Qd6 22. Bb1 Bd5 23. Rc3 Bxf3 24. Rxe8+ Rxe8 25. Rxf3 Nf6 26. Qd2 Kg7 27. Rd3 Nd5 28. a3 Nf4 29. Rf3 Qxd4 30. Bd3 Nxd3 31. Rxd3 Re1+ 32. Qxe1 Qxd3 33. Qe5+ Kh7 34. Kh2 Qd5 35. Qc7 c5 36. Qb6 Kg7 37. f3 c4 38. Kg3 Qb5 39. Qxb5 axb5 40. Kf4 Kf6 41. Ke4 Ke6 42. Kd4 Kd6 43. f4 g5 44. h4 h5 45. g3 b6 46. b3 b4 47. axb4 cxb3 48. Kc3 Kd5 49. Kxb3 b5 50. Kc3 Ke4 51. Kc2 Kd4 52. Kb3 Kd3 0-1

[Event "Colonia del Sacramento op 3rd"]
[Site "Colonia del Sacramento"]
[Date "2022.05.21"]
[Round "?"]
[White "Perez Selios, Luis"]
[Black "Belistri, Ubaldo"]
[Result "1-0"]
[WhiteElo "1606"]
[BlackElo "1856"]
[PlyCount "107"]
[EventDate "2022.05.20"]
[EventType "swiss"]
[EventRounds "5"]
[EventCountry "URU"]
[SourceTitle "CBM 208 Extra"]
[Source "ChessBase"]
[SourceDate "2022.07.31"]
[SourceVersion "1"]
[SourceVersionDate "2022.07.31"]
[SourceQuality "1"]

1. c4 Nf6 2. g3 e5 3. Bg2 g6 4. Nc3 Bg7 5. d3 0-0 6. Nf3 Re8 7. Rb1 c6 8. e4 d5 9. 0-0 d4 10. Ne2 c5 11. b4 cxb4 12. Rxb4 Nc6 13. Rb3 h6 14. Bd2 a6 15. Qc1 Kh7 16. a4 Na5 17. Rb2 Nd7 18. Qe1 Nc6 19. Nc1 Bf8 20. Nh4 Ba3 21. Rb3 Be7 22. f4 exf4 23. Rxf4 g5 24. Rxf7+ Kg8 25. Rxe7 Qxe7 26. Nf5 Qf8 27. g4 Nc5 28. Ra3 Bxf5 29. gxf5 Ne5 30. Qg3 Kh7 31. Ra2 Qf6 32. a5 Rab8 33. Rb2 Rbc8 34. Bf1 Rg8 35. Nb3 Rg7 36. Nxd4 Nxc4 37. Bc3 Rd7 38. dxc4 Rxd4 39. e5 Qd8 40. Qe3 Rd1 41. e6 Qe7 42. Re2 Rf8 43. f6 Rxf6 44. Bxf6 Qxf6 45. Rf2 Qxe6 46. Qxc5 Qg4+ 47. Rg2 Qf3 48. Qf2 Qd3 49. Qe2 Qb1 50. Rf2 Rd7 51. Qc2+ Qxc2 52. Rxc2 Rd1 53. Rb2 Rd7 54. Bg2 1-0

[Event "URU-chT Clubs"]
[Site "Punta del Este"]
[Date "2021.10.31"]
[Round "5.1"]
[White "Belistri, Ubaldo"]
[Black "Chamlian, Aram"]
[Result "0-1"]
[WhiteElo "1835"]
[BlackElo "1718"]
[PlyCount "46"]
[EventDate "2021.10.29"]
[EventType "team-swiss"]
[EventRounds "5"]
[EventCountry "URU"]
[SourceTitle "CBM 205 Extra"]
[Source "ChessBase"]
[SourceDate "2022.01.31"]
[SourceVersion "1"]
[SourceVersionDate "2022.01.31"]
[SourceQuality "1"]
[WhiteTeam "Montevideo Trebejos"]
[BlackTeam "Montevideo Banco Republica"]
[WhiteTeamCountry "URU"]
[BlackTeamCountry "URU"]

1. Nc3 Nf6 2. e4 e5 3. f4 d5 4. fxe5 Nxe4 5. Nf3 Bc5 6. d4 Be7 7. Be3 Bg4 8. Be2 Nc6 9. 0-0 Qd7 10. Nd2 Nxc3 11. bxc3 Bxe2 12. Qxe2 0-0 13. Qh5 f6 14. Rf3 fxe5 15. Rh3 Qf5 16. Qe2 Qxc2 17. Qb5 exd4 18. Qxd5+ Kh8 19. cxd4 Rad8 20. Qb3 Nxd4 21. Bxd4 Qxd2 22. Rd3 Qe2 23. Rad1 Rxd4 0-1

[Event "URU-chT Clubs"]
[Site "Punta del Este"]
[Date "2021.10.30"]
[Round "2.2"]
[White "Belistri, Ubaldo"]
[Black "Ibanez, Marcelo"]
[Result "0-1"]
[WhiteElo "1835"]
[BlackElo "2009"]
[PlyCount "106"]
[EventDate "2021.10.29"]
[EventType "team-swiss"]
[EventRounds "5"]
[EventCountry "URU"]
[SourceTitle "CBM 205 Extra"]
[Source "ChessBase"]
[SourceDate "2022.01.31"]
[SourceVersion "1"]
[SourceVersionDate "2022.01.31"]
[SourceQuality "1"]
[WhiteTeam "Montevideo Trebejos"]
[BlackTeam "Montevideo Piratas del Tablero"]
[WhiteTeamCountry "URU"]
[BlackTeamCountry "URU"]

1. Nc3 c5 2. Nf3 Nc6 3. d4 cxd4 4. Nxd4 g6 5. e4 Bg7 6. Be3 d6 7. Be2 a6 8. 0-0 Nf6 9. f4 0-0 10. Nxc6 bxc6 11. Bf3 Rb8 12. Rb1 Qc7 13. g4 e5 14. fxe5 dxe5 15. g5 Rd8 16. Qe2 Ne8 17. Bg4 Qe7 18. Bxc8 Rbxc8 19. Qxa6 Nc7 20. Qe2 Ne6 21. Qg2 Rb8 22. Rf2 Rd7 23. b3 Nf4 24. Qg3 Qe6 25. Rd2 Rbd8 26. Rbd1 Rxd2 27. Rxd2 Rxd2 28. Bxd2 Qd6 29. Qe3 Qd8 30. Kf1 Qxg5 31. Qg3 Qf6 32. Ke1 Bf8 33. Ne2 Nh5 34. Qf2 Qd6 35. a4 Nf6 36. Ng3 Be7 37. a5 Qa3 38. Qb6 Ng4 39. b4 Nxh2 40. c3 Nf3+ 41. Ke2 Nxd2 42. Kxd2 Qa2+ 43. Kd3 Qb1+ 44. Kc4 Qa2+ 45. Kd3 Qb1+ 46. Kc4 c5 47. Qb8+ Bf8 48. Qxe5 cxb4 49. a6 Qa2+ 50. Kb5 b3 51. Qd5 Qa3 52. a7 Qxa7 53. Qxb3 Qb8+ 0-1

[Event "Punta del Este Alekhine op"]
[Site "Punta del Este"]
[Date "2020.03.08"]
[Round "4"]
[White "Ruiz, Ulises"]
[Black "Belistri, Ubaldo"]
[Result "1/2-1/2"]
[WhiteElo "1525"]
[BlackElo "1830"]
[PlyCount "65"]
[EventDate "2020.03.06"]
[EventType "swiss"]
[EventRounds "5"]
[EventCountry "URU"]
[SourceTitle "EXT 2021"]
[Source "ChessBase"]
[SourceDate "2020.10.23"]
[SourceVersion "1"]
[SourceVersionDate "2020.10.23"]
[SourceQuality "1"]

1. d4 Nf6 2. Nf3 d5 3. Bf4 e6 4. e3 c5 5. c3 Nc6 6. Nbd2 cxd4 7. exd4 Bd6 8. Bg3 0-0 9. Bd3 Re8 10. Bxd6 Qxd6 11. 0-0 e5 12. dxe5 Nxe5 13. Nxe5 Rxe5 14. Nf3 Bg4 15. Be2 Re7 16. Nd4 Bxe2 17. Nxe2 b5 18. Nd4 Qb6 19. Qd2 Rb7 20. a3 a5 21. Kh1 Rc8 22. Rac1 Rbc7 23. f3 h6 24. Rfe1 b4 25. axb4 axb4 26. Ne2 bxc3 27. Rxc3 Rxc3 28. bxc3 Qf2 29. Rc1 Re8 30. Rc2 h5 31. Ng1 Qb6 32. g3 Qb5 33. Kg2 1/2-1/2

[Event "Montevideo Duchamp Cup 4th"]
[Site "Montevideo"]
[Date "2020.02.14"]
[Round "8"]
[White "Belistri, Ubaldo"]
[Black "Fabra, Nahiara"]
[Result "1-0"]
[WhiteElo "1877"]
[BlackElo "1333"]
[PlyCount "118"]
[EventDate "2020.02.08"]
[EventType "swiss"]
[EventRounds "9"]
[EventCountry "URU"]
[SourceTitle "CBM 194 Extra"]
[Source "ChessBase"]
[SourceDate "2020.03.31"]
[SourceVersion "1"]
[SourceVersionDate "2020.03.31"]
[SourceQuality "1"]

1. Nf3 Nf6 2. d4 d5 3. g3 e6 4. Bg2 Be7 5. 0-0 0-0 6. b3 c5 7. dxc5 Bxc5 8. Bb2 Nbd7 9. Nbd2 Qc7 10. c4 b6 11. Rc1 Qb8 12. cxd5 Nxd5 13. Ne4 Bb7 14. Nxc5 Nxc5 15. Qd4 Nf6 16. Qh4 Nce4 17. Ng5 Nxg5 18. Qxg5 h6 19. Qh4 Bxg2 20. Kxg2 Qb7+ 21. Kg1 Qe7 22. Rc2 Rac8 23. Rfc1 Rxc2 24. Rxc2 Qd8 25. Qc4 Qd1+ 26. Kg2 b5 27. Rc1 bxc4 28. Rxd1 Rc8 29. Bxf6 gxf6 30. Rc1 c3 31. Kf3 Kg7 32. Ke3 Kg6 33. Kd3 c2 34. Rxc2 Rxc2 35. Kxc2 Kf5 36. Kc3 Ke5 37. Kc4 Kd6 38. Kb5 Kc7 39. b4 Kb7 40. a4 f5 41. h4 h5 42. Kc5 Kc7 43. b5 f6 44. a5 e5 45. b6+ axb6+ 46. axb6+ Kb7 47. Kd6 Kxb6 48. Ke6 Kc5 49. Kxf5 Kd4 50. Kxf6 e4 51. Kf5 e3 52. fxe3+ Kxe3 53. Kg5 Kxe2 54. Kxh5 Kf3 55. g4 Kf4 56. g5 Kf5 57. Kh6 Ke6 58. Kg7 Kf5 59. g6 Kg4 1-0

[Event "Montevideo Duchamp Cup 4th"]
[Site "Montevideo"]
[Date "2020.02.13"]
[Round "7"]
[White "Labrador Avendano, Angie Jhoana"]
[Black "Belistri, Ubaldo"]
[Result "1/2-1/2"]
[WhiteElo "1638"]
[BlackElo "1877"]
[PlyCount "106"]
[EventDate "2020.02.08"]
[EventType "swiss"]
[EventRounds "9"]
[EventCountry "URU"]
[SourceTitle "CBM 194 Extra"]
[Source "ChessBase"]
[SourceDate "2020.03.31"]
[SourceVersion "1"]
[SourceVersionDate "2020.03.31"]
[SourceQuality "1"]

1. d4 d5 2. Bf4 Nf6 3. Nf3 e6 4. e3 Bd6 5. Bg3 0-0 6. Bd3 b6 7. Nbd2 c5 8. c3 Bb7 9. Ne5 Nc6 10. Ndf3 Bxe5 11. Nxe5 Ne4 12. Qh5 Qg5 13. Qxg5 Nxg5 14. Nxc6 Bxc6 15. Bd6 Rfe8 16. dxc5 bxc5 17. Bxc5 e5 18. 0-0-0 Ne6 19. Bd6 e4 20. Bc2 Red8 21. Ba3 Rac8 22. Rd2 Rd7 23. Rhd1 Rcd8 24. c4 d4 25. exd4 Nxd4 26. Bb4 Nxc2 27. Kxc2 Rxd2+ 28. Rxd2 Rxd2+ 29. Kxd2 f5 30. Ke3 Kf7 31. g3 g5 32. Kd4 Ke6 33. Bd2 h6 34. b4 Ba4 35. h4 gxh4 36. gxh4 h5 37. Bf4 Bc2 38. Kc5 Bd3 39. a4 Kd7 40. Kd5 Kc8 41. b5 Bc2 42. a5 Bd3 43. Kc6 Bxc4 44. b6 axb6 45. Kxb6 Bd5 46. Kc5 Bb7 47. Kd6 Ba6 48. Ke6 Bd3 49. Be3 Be2 50. Kxf5 Bf3 51. a6 Kb8 52. Ke5 Ka8 53. Kd4 Ka7 1/2-1/2

[Event "Montevideo Nazzari Cup"]
[Site "Montevideo"]
[Date "2019.10.20"]
[Round "7"]
[White "Bustelo, Tabare"]
[Black "Belistri, Ubaldo"]
[Result "1/2-1/2"]
[WhiteElo "2054"]
[BlackElo "1853"]
[PlyCount "81"]
[EventDate "2019.10.14"]
[EventType "swiss"]
[EventRounds "7"]
[EventCountry "URU"]
[SourceTitle "CBM 192 Extra"]
[Source "Chessbase"]
[SourceDate "2019.11.06"]
[SourceVersion "1"]
[SourceVersionDate "2019.11.06"]
[SourceQuality "1"]

1. e4 c6 2. c4 d5 3. cxd5 cxd5 4. exd5 Nf6 5. Nc3 Nxd5 6. Nf3 Nc6 7. Bc4 e6 8. 0-0 Be7 9. d4 0-0 10. Re1 Nxc3 11. bxc3 Bf6 12. Bf4 Bd7 13. Rb1 Na5 14. Bd3 Rc8 15. Qc2 g6 16. Ne5 Qe7 17. Nxd7 Qxd7 18. Bb5 Qxd4 19. Qxg6+ hxg6 20. cxd4 Bxd4 21. Red1 e5 22. Bg5 f6 23. Bd2 Nc4 24. Bb4 Rf7 25. Rbc1 Rfc7 26. Ba4 Kg7 27. Bb3 Nb2 28. Rxc7+ Rxc7 29. Rb1 b6 30. Kf1 a5 31. Ba3 Nd3 32. f3 b5 33. Rd1 Nc5 34. Bxc5 Rxc5 35. Rd2 Kf8 36. Ke2 Ke7 37. h4 f5 38. g4 a4 39. Bd1 fxg4 40. fxg4 Kf6 41. Rd3 1/2-1/2

[Event "Montevideo Nazzari Cup"]
[Site "Montevideo"]
[Date "2019.10.18"]
[Round "5"]
[White "Belistri, Ubaldo"]
[Black "Ramos Correa, Gabriel"]
[Result "1/2-1/2"]
[WhiteElo "1853"]
[BlackElo "1889"]
[PlyCount "48"]
[EventDate "2019.10.14"]
[EventType "swiss"]
[EventRounds "7"]
[EventCountry "URU"]
[SourceTitle "CBM 192 Extra"]
[Source "Chessbase"]
[SourceDate "2019.11.06"]
[SourceVersion "1"]
[SourceVersionDate "2019.11.06"]
[SourceQuality "1"]

1. d4 Nf6 2. c4 e6 3. Nf3 b6 4. Nc3 Bb7 5. Qc2 Bb4 6. a3 Bxc3+ 7. Qxc3 Ne4 8. Qc2 d6 9. g3 Nd7 10. Bg2 f5 11. 0-0 0-0 12. Nd2 Nxd2 13. Bxd2 Bxg2 14. Kxg2 Nf6 15. Rad1 Qe8 16. f3 Rd8 17. Bg5 Qh5 18. Bxf6 Rxf6 19. e3 Rdf8 20. Rd2 g5 21. Rdf2 Qe8 22. f4 Qc6+ 23. Kg1 g4 24. Re1 Qd7 1/2-1/2

[Event "Montevideo Trebejos Nostalgico op"]
[Site "Montevideo"]
[Date "2019.08.09"]
[Round "2"]
[White "Muzzi, Eduardo"]
[Black "Belistri, Ubaldo"]
[Result "1/2-1/2"]
[WhiteElo "1919"]
[BlackElo "1849"]
[PlyCount "41"]
[EventDate "2019.08.05"]
[EventType "swiss"]
[EventRounds "6"]
[EventCountry "URU"]
[SourceTitle "EXT 2020"]
[Source "ChessBase"]
[SourceDate "2019.10.17"]
[SourceVersion "1"]
[SourceVersionDate "2019.10.17"]
[SourceQuality "1"]

1. e4 g6 2. d4 Bg7 3. f4 c5 4. Nf3 cxd4 5. Nxd4 Nc6 6. c3 Nxd4 7. cxd4 Qb6 8. e5 d6 9. Nc3 Bd7 10. Bc4 e6 11. Ne4 d5 12. Nd6+ Kf8 13. Be2 Ne7 14. b3 Nc8 15. Nxc8 Rxc8 16. Ba3+ Ke8 17. Bc5 Qc7 18. 0-0 Bf8 19. Rc1 Bxc5 20. Rxc5 Qb6 21. Qd2 1/2-1/2

[Event "Montevideo Trebejos op 09"]
[Site "Montevideo"]
[Date "2018.09.10"]
[Round "3"]
[White "Dotta, Gian Franco"]
[Black "Belistri, Ubaldo"]
[Result "1-0"]
[WhiteElo "1910"]
[BlackElo "1863"]
[PlyCount "77"]
[EventDate "2018.09.05"]
[EventType "swiss"]
[EventRounds "7"]
[EventCountry "URU"]
[SourceTitle "CBM 186 Extra"]
[Source "ChessBase"]
[SourceDate "2018.08.24"]
[SourceVersion "1"]
[SourceVersionDate "2018.08.24"]
[SourceQuality "1"]

1. e4 e6 2. Nf3 d5 3. e5 c5 4. b4 cxb4 5. d4 Nc6 6. a3 Qb6 7. axb4 Bxb4+ 8. c3 Bf8 9. Ba3 Bxa3 10. Nxa3 Nge7 11. Bd3 h6 12. Nb5 0-0 13. 0-0 Qd8 14. Nh4 Nf5 15. Nxf5 exf5 16. Qh5 Qg5 17. Qxg5 hxg5 18. Nc7 Rb8 19. Nxd5 Rd8 20. Ne3 f4 21. Nc4 b5 22. Na5 Nxa5 23. Rxa5 a6 24. Rd1 Bb7 25. c4 bxc4 26. Bxc4 Rbc8 27. Be2 Kf8 28. Kf1 Rc2 29. d5 f6 30. e6 Ke7 31. Bxa6 Bxa6+ 32. Rxa6 Rc5 33. Ra7+ Kd6 34. Rxg7 Re8 35. Rd7+ Ke5 36. Re1+ Kd4 37. e7 Rc2 38. d6 Rb8 39. e8Q 1-0

[Event "Montevideo Trebejos op 09"]
[Site "Montevideo"]
[Date "2018.09.05"]
[Round "1"]
[White "Souto, Andres"]
[Black "Belistri, Ubaldo"]
[Result "0-1"]
[WhiteElo "1313"]
[BlackElo "1863"]
[PlyCount "30"]
[EventDate "2018.09.05"]
[EventType "swiss"]
[EventRounds "7"]
[EventCountry "URU"]
[SourceTitle "CBM 186 Extra"]
[Source "ChessBase"]
[SourceDate "2018.08.24"]
[SourceVersion "1"]
[SourceVersionDate "2018.08.24"]
[SourceQuality "1"]

1. e4 d6 2. d4 Nf6 3. Bd3 e5 4. Be3 g6 5. h3 Bg7 6. Nf3 Nc6 7. a3 0-0 8. 0-0 Nh5 9. Qd2 exd4 10. Nxd4 Nxd4 11. Bxd4 Bxd4 12. c3 Bb6 13. Kh1 Qh4 14. Kh2 Nf4 15. Bc2 Nxg2 0-1

[Event "American Continental 14th"]
[Site "Montevideo"]
[Date "2018.06.03"]
[Round "3"]
[White "Belistri, Ubaldo"]
[Black "Garmendia Vega, Gabriel"]
[Result "0-1"]
[WhiteElo "1867"]
[BlackElo "2029"]
[PlyCount "36"]
[EventDate "2018.06.01"]
[EventType "swiss"]
[EventRounds "11"]
[EventCountry "URU"]
[SourceTitle "CBM 184 Extra"]
[Source "ChessBase"]
[SourceDate "2018.06.28"]
[SourceVersion "1"]
[SourceVersionDate "2018.06.28"]
[SourceQuality "1"]

1. d4 Nf6 2. c4 e6 3. Nf3 Bb4+ 4. Bd2 Qe7 5. a3 Bxd2+ 6. Nbxd2 d5 7. e3 0-0 8. Be2 b6 9. Rc1 Bb7 10. c5 c6 11. 0-0 Nbd7 12. cxb6 axb6 13. Qb3 Rfb8 14. Rfe1 c5 15. Bb5 c4 16. Qc2 Ne8 17. e4 Nd6 18. e5 Nxb5 0-1

[Event "Montevideo Andrea Memorial 3rd"]
[Site "Montevideo"]
[Date "2018.05.24"]
[Round "6"]
[White "Saralegui Cassan, Mario"]
[Black "Belistri, Ubaldo"]
[Result "1-0"]
[WhiteElo "2088"]
[BlackElo "1880"]
[PlyCount "85"]
[EventDate "2018.05.08"]
[EventType "swiss"]
[EventRounds "6"]
[EventCountry "URU"]
[SourceTitle "CBM 184 Extra"]
[Source "ChessBase"]
[SourceDate "2018.06.28"]
[SourceVersion "1"]
[SourceVersionDate "2018.06.28"]
[SourceQuality "1"]

1. d4 d5 2. c4 c6 3. Nf3 Nf6 4. Nc3 Bf5 5. e3 e6 6. Be2 Nbd7 7. Nh4 Bg6 8. Nxg6 hxg6 9. h3 Be7 10. 0-0 g5 11. Qc2 Rh4 12. cxd5 cxd5 13. Bd2 a6 14. f3 Qc7 15. Rfc1 Rc8 16. Be1 Rh6 17. Qd3 Qb8 18. Bf1 Bd6 19. Ne2 Rxc1 20. Rxc1 Nh5 21. Qc2 Nb6 22. b3 f5 23. Ba5 Nd7 24. Bc7 Bxc7 25. Qxc7 Qxc7 26. Rxc7 b6 27. Ra7 a5 28. Nc3 Kd8 29. Nb5 g4 30. hxg4 fxg4 31. fxg4 Ng3 32. Bd3 Rh1+ 33. Kf2 Rd1 34. Kxg3 Rxd3 35. Kf3 Rd2 36. g5 g6 37. Rc7 Rxa2 38. Rc6 Ke7 39. Nc7 Rb2 40. Rxe6+ Kd8 41. Nxd5 Rxb3 42. Rxg6 Kc8 43. Rc6+ 1-0

[Event "Montevideo Duchamp Cup 2nd"]
[Site "Montevideo"]
[Date "2018.02.06"]
[Round "7"]
[White "Meza, Anahi Silvina"]
[Black "Belistri, Ubaldo"]
[Result "1-0"]
[WhiteElo "2088"]
[BlackElo "1937"]
[PlyCount "63"]
[EventDate "2018.02.02"]
[EventType "swiss"]
[EventRounds "9"]
[EventCountry "URU"]
[SourceTitle "CBM 182 Extra"]
[Source "ChessBase"]
[SourceDate "2018.02.23"]
[SourceVersion "1"]
[SourceVersionDate "2018.02.23"]
[SourceQuality "1"]

1. d4 Nf6 2. c4 c5 3. d5 g6 4. Nc3 Bg7 5. e4 d6 6. Be2 0-0 7. Nf3 Na6 8. 0-0 Nc7 9. h3 Bd7 10. a4 b6 11. Bf4 Nfe8 12. e5 dxe5 13. Nxe5 Nd6 14. Re1 Bxe5 15. Bxe5 f6 16. Bf4 a6 17. Bf3 Rb8 18. Ne4 Nce8 19. a5 Rc8 20. axb6 Qxb6 21. Nxd6 exd6 22. Re7 Qd8 23. Rxe8 Rxe8 24. Rxa6 Qe7 25. Bxd6 Qe1+ 26. Qxe1 Rxe1+ 27. Kh2 Rc1 28. Ra7 Be8 29. b3 Rb1 30. Be7 Rxb3 31. d6 Rd3 32. Bd5+ 1-0

[Event "Montevideo Duchamp Cup 2nd"]
[Site "Montevideo"]
[Date "2018.02.04"]
[Round "4"]
[White "Belistri, Ubaldo"]
[Black "Pena, Luis"]
[Result "1/2-1/2"]
[WhiteElo "1937"]
[BlackElo "1604"]
[PlyCount "57"]
[EventDate "2018.02.02"]
[EventType "swiss"]
[EventRounds "9"]
[EventCountry "URU"]
[SourceTitle "CBM 182 Extra"]
[Source "ChessBase"]
[SourceDate "2018.02.23"]
[SourceVersion "1"]
[SourceVersionDate "2018.02.23"]
[SourceQuality "1"]

1. c4 c5 2. Nc3 Nc6 3. Nf3 d6 4. g3 Nf6 5. Bg2 Bf5 6. d3 e6 7. a3 h6 8. 0-0 Be7 9. Re1 0-0 10. h3 Bh7 11. e4 e5 12. Nd5 Nxd5 13. cxd5 Nd4 14. Nxd4 cxd4 15. f4 f5 16. fxe5 dxe5 17. exf5 Bxf5 18. Qe2 Bd6 19. Bd2 a5 20. Rac1 Qe7 21. Rf1 Qd7 22. Kh2 Qb5 23. Rxf5 Rxf5 24. Be4 Raf8 25. Bxf5 Rxf5 26. Rc8+ Bf8 27. b4 Qxd5 28. bxa5 Qf7 29. Kg2 1/2-1/2

[Event "Montevideo Duchamp Cup 2nd"]
[Site "Montevideo"]
[Date "2018.02.04"]
[Round "5"]
[White "Horisch, Juan Pablo"]
[Black "Belistri, Ubaldo"]
[Result "0-1"]
[WhiteElo "1813"]
[BlackElo "1937"]
[PlyCount "110"]
[EventDate "2018.02.02"]
[EventType "swiss"]
[EventRounds "9"]
[EventCountry "URU"]
[SourceTitle "CBM 182 Extra"]
[Source "ChessBase"]
[SourceDate "2018.02.23"]
[SourceVersion "1"]
[SourceVersionDate "2018.02.23"]
[SourceQuality "1"]

1. e4 e6 2. d4 d5 3. Nc3 Nf6 4. exd5 exd5 5. Bd3 Be7 6. Bf4 c6 7. Nge2 0-0 8. 0-0 Re8 9. h3 Nbd7 10. Ng3 g6 11. Nce2 Nf8 12. c3 Bd6 13. Qd2 Ne4 14. Bxe4 dxe4 15. Rfe1 f5 16. Rad1 Be6 17. b3 Bxf4 18. Qxf4 Qe7 19. c4 Rad8 20. Nc3 Qg7 21. Nge2 Bc8 22. d5 cxd5 23. Nxd5 Ne6 24. Qe3 b6 25. Nef4 Qe5 26. h4 Nxf4 27. Nxf4 Bb7 28. g3 Rd6 29. a4 Red8 30. Rxd6 Rxd6 31. Kf1 Kf7 32. Rc1 Qc5 33. Ke2 Qxe3+ 34. Kxe3 h6 35. Rc3 g5 36. Ne2 Kf6 37. b4 Rd8 38. Nd4 f4+ 39. gxf4 gxf4+ 40. Kxf4 Rxd4 41. c5 Rxb4 42. c6 Bc8 43. c7 Ke6 44. Rc6+ Kd7 45. Rxh6 Kxc7 46. Rh7+ Bd7 47. h5 Rxa4 48. h6 e3+ 49. Kxe3 Rh4 50. f4 Kd6 51. Ke4 a5 52. Rh8 a4 53. Rb8 Kc7 54. Rh8 a3 55. Ra8 Bc6+ 0-1

[Event "Montevideo Duchamp Cup 2nd"]
[Site "Montevideo"]
[Date "2018.02.03"]
[Round "3"]
[White "De Cuadro, Dionisio"]
[Black "Belistri, Ubaldo"]
[Result "1/2-1/2"]
[WhiteElo "1665"]
[BlackElo "1937"]
[PlyCount "50"]
[EventDate "2018.02.02"]
[EventType "swiss"]
[EventRounds "9"]
[EventCountry "URU"]
[SourceTitle "CBM 182 Extra"]
[Source "ChessBase"]
[SourceDate "2018.02.23"]
[SourceVersion "1"]
[SourceVersionDate "2018.02.23"]
[SourceQuality "1"]

1. c4 c5 2. Nc3 Nf6 3. g3 e6 4. Bg2 d5 5. cxd5 exd5 6. e3 Nc6 7. Nge2 Bf5 8. d4 c4 9. a3 Ne4 10. 0-0 Nxc3 11. Nxc3 Ne7 12. e4 dxe4 13. Nxe4 Nd5 14. Qa4+ Qd7 15. Qxc4 Nb6 16. Qe2 Be7 17. Re1 0-0 18. Nc5 Bxc5 19. dxc5 Rfe8 20. Be3 Bd3 21. Qf3 Be4 22. Qf4 Nd5 23. Qd6 Qxd6 24. cxd6 Bxg2 25. Kxg2 Re6 1/2-1/2

[Event "Montevideo La Proa op 1st"]
[Site "Montevideo"]
[Date "2017.10.18"]
[Round "4"]
[White "Avedisian, Alexander"]
[Black "Belistri, Ubaldo"]
[Result "0-1"]
[WhiteElo "1865"]
[BlackElo "1923"]
[PlyCount "92"]
[EventDate "2017.09.27"]
[EventType "swiss"]
[EventRounds "5"]
[EventCountry "URU"]
[SourceTitle "EXT 2019"]
[Source "ChessBase"]
[SourceDate "2018.10.10"]
[SourceVersion "1"]
[SourceVersionDate "2018.10.10"]
[SourceQuality "1"]

1. g3 Nf6 2. Bg2 d5 3. Nf3 e6 4. 0-0 c5 5. d3 Nc6 6. Nbd2 Be7 7. e4 0-0 8. e5 Ne8 9. Re1 f6 10. exf6 Bxf6 11. Nb3 Qd6 12. Be3 b6 13. d4 c4 14. Bf4 Qb4 15. c3 Qb5 16. Nfd2 a5 17. a4 Qa6 18. Bf1 b5 19. Nc5 Qb6 20. axb5 Qxb5 21. b3 Nxd4 22. b4 Nc6 23. Qc2 e5 24. Be3 Nd6 25. Qa2 Kh8 26. Reb1 a4 27. Nxa4 Bf5 28. Rd1 Bd3 29. Bc5 Rfd8 30. Bxd3 cxd3 31. Qxd5 Rxa4 32. c4 Nxc4 33. Qxc4 Qxc4 34. Nxc4 Rxa1 35. Rxa1 e4 36. Ra2 Nd4 37. Nd6 d2 38. Rxd2 Nf3+ 39. Kg2 Nxd2 40. Nf7+ Kg8 41. Nxd8 Bxd8 42. g4 Kf7 43. Kg3 Bc7+ 44. Kg2 Ke6 45. b5 Nc4 46. f4 Bxf4 0-1

[Event "Montevideo Senior-ch"]
[Site "Montevideo"]
[Date "2017.06.19"]
[Round "5"]
[White "Belistri, Ubaldo"]
[Black "Izquierdo, Daniel"]
[Result "1/2-1/2"]
[WhiteElo "1897"]
[BlackElo "2055"]
[PlyCount "68"]
[EventDate "2017.06.17"]
[EventType "swiss"]
[EventRounds "5"]
[EventCountry "URU"]
[SourceTitle "CBM 179 Extra"]
[Source "ChessBase"]
[SourceDate "2017.08.23"]
[SourceVersion "1"]
[SourceVersionDate "2017.08.23"]
[SourceQuality "1"]

1. d4 d5 2. Nf3 Nf6 3. c4 c6 4. cxd5 cxd5 5. Nc3 Nc6 6. e3 g6 7. a3 Bg7 8. b4 0-0 9. b5 Na5 10. Bd2 Bg4 11. Qa4 Bxf3 12. gxf3 b6 13. Nd1 Rc8 14. Bxa5 bxa5 15. Bd3 Ne8 16. f4 Nd6 17. Nb2 g5 18. fxg5 e5 19. dxe5 Qxg5 20. exd6 Bxb2 21. Rb1 Bg7 22. Kf1 Rc3 23. Rg1 Qf6 24. Ke2 Kh8 25. Qg4 Rxa3 26. Qh5 Ra2+ 27. Kd1 h6 28. Qf5 Qxf5 29. Bxf5 Rxf2 30. Bd3 a4 31. Rb4 Bc3 32. Rh4 Rf6 33. Rxa4 Rxd6 34. Rxa7 Re6 1/2-1/2